| 000 | 00448nam a2200181Ia 4500 | ||
|---|---|---|---|
| 001 | 23368 | ||
| 005 | 20260414150932.0 | ||
| 008 | 260414t2001||||xx |||||||||||||| ||spa|| | ||
| 041 | _aESP | ||
| 082 |
_a629.892 _bO47 |
||
| 100 |
_aOllero Baturone, Aníbal _eAUT |
||
| 245 | 0 |
_aRobótica : _bmanipuladores y robots móviles |
|
| 260 | _c2001 | ||
| 300 |
_a447 páginas : _c24 cm. |
||
| 650 | _aCNM | ||
| 654 | _aCCN | ||
| 942 |
_cLIB _dJUS _fJUS _2ddc _n |
||
| 999 |
_c23368 _d23368 |
||